Vista normal Vista MARC

Entrada Materia (corporativa)

Número de registros utilizados en: 1

001 - CONTROL NUMBER

  • control field: 103292

003 - CONTROL NUMBER IDENTIFIER

  • control field: Co-BoUCM

005 - DATE AND TIME OF LATEST TRANSACTION

  • control field: 20210504102331.0

008 - FIXED-LENGTH DATA ELEMENTS

  • fixed length control field: 210504|| aca||aabn | a|a d

040 ## - CATALOGING SOURCE

  • Original cataloging agency: Co-BoUCM
  • Transcribing agency: Co-BoUCM

110 ## - HEADING--CORPORATE NAME

  • Corporate name or jurisdiction name as entry element: Foro del Sector Social
  • Subordinate unit: Programa de Fortalecimiento de las Organizaciones de la Sociedad Civil

670 ## - SOURCE DATA FOUND

  • Source citation: Work cat.: (Co-BoUCM)318624: 1, Manual de participación e incidencia, 2004